000 00962nam a2200253 a 4500
001 000032391
003 DO-SdBNP
005 20240409073643.0
007 ta
008 110715t1975 dr ac 001 0 spa d
040 _aDO-SdBNP
_bspa
_cBNPHU
082 _a972.93053
_bM385q
_222
100 1 _aMartínez, Julio César
_91263
245 1 0 _aQuiénes y por qué eliminaron a Trujillo /
_cJulio César Martínez.
260 _aSanto Domingo :
_bRevistas y Ediciones Renovación,
_c1975.
300 _a67 p. :
_bil., retrs. ;
_c22 cm.
590 _aPerteneció a la biblioteca personal de Juan Isidro Jimenes Grullón.
590 _aInventariado, 2023 / DG
600 1 0 _aTrujillo Molina, Rafael Leónidas,
_d1891-1961
_xMuerte
_910869
650 4 _aHomicidio político
_zRepública Dominicana
_911383
651 4 _aRepública Dominicana
_xPolítica Y Gobierno
_yERA DE TRUJILLO, 1930-1961
_91374
910 _aValidado. Control de calidad EMS.
942 _2ddc
_cLBS1
999 _c31882
_d31882